00373nam a2200145Ia 4500003000500000008004100005020001800046040001900064082000700083100004000090245003700130260004000167300000800207546001200215STCL181203s9999 xx 000 0 und d a9789380070148 aSTCLbENcSTCL 222 aRahman, A. R.; Kabir, Nasreen Munni 0aA.R. Rahman: The spirit of music bOm Books InternationalaNoidac2011 a131 aEnglish